00337pab a2200109 454500008003600000100001900036245009300055650001900148650000900167650001700176773003400193180718b xxu||||| |||| 00| 0 eng d aJaggers, Keith aWar and the three faces of power: war making and state making in Europe and the Americas a Was - Effects a War aWar - Causes aComparative Political Studies